The insider (Record no. 8135)

MARC details
000 -LEADER
fixed length control field 00465nam a22001577a 4500
005 - DATE AND TIME OF LATEST TRANSACTION
control field 20090930033519.0
008 - FIXED-LENGTH DATA ELEMENTS--GENERAL INFORMATION
fixed length control field 090930t xxu||||| |||| 00| 0 eng d
020 ## - INTERNATIONAL STANDARD BOOK NUMBER
International Standard Book Number 0-670-87850-2
080 ## - UNIVERSAL DECIMAL CLASSIFICATION NUMBER
Universal Decimal Classification number F
Item number RAO/T
100 ## - MAIN ENTRY--PERSONAL NAME
Personal name Rao, Narasimha P.V.
245 ## - TITLE STATEMENT
Title The insider
260 ## - PUBLICATION, DISTRIBUTION, ETC. (IMPRINT)
Place of publication, distribution, etc New Delhi
Name of publisher, distributor, etc Viking
Date of publication, distribution, etc 1998
300 ## - PHYSICAL DESCRIPTION
Extent 767p.
942 ## - ADDED ENTRY ELEMENTS (KOHA)
item type Books
260 ## - PUBLICATION, DISTRIBUTION, ETC. (IMPRINT)
-- 5730
Holdings
Lost status Source of classification or shelving scheme Not for loan Home library Current library Date acquired Total Checkouts Full call number Barcode Date last seen Price effective from Koha item type
  Universal Decimal Classification   University Library University Library 30/09/2009   F RAO/T 00043378 30/09/2009 30/09/2009 Books
University Library, CUSAT